Cancer mortality statistics /

Bibliographic Details
Previous Title:Cancer mortality statistics by county
Corporate Author: Texas. Cancer Registry Program
Format: Government Document Serial
Language:English
Published: Austin, Tex. : The Program.
Subjects:
Online Availability: Check for online availability

MARC

Tag First Indicator Second Indicator Subfields
LEADER 00000cas a2200000 a 4500
001 in00001065663
005 20150929095244.0
008 840724c19uu9999txuar1 s s0uuu 0eng d
010 |a  84645922  
012 |a 3 
022 1 |a 0748-7762 
035 |a (OCoLC)10979156 
035 |9 AFN4013AM 
040 |a DLC  |c DLC  |d NSD  |d DLC  |d m/c  |d IKM  |d UtOrBLW 
042 |a lc  |a nsdp 
043 |a n-us-tx 
049 |a IKMD 
050 0 0 |a RC277.T4  |b C36 
082 0 |a 614.5/999  |2 19 
086 |a H600.8 C16mos  |2 txdocs 
099 9 |a H600.8  |a C16mos 
245 0 0 |a Cancer mortality statistics /  |c Texas Department of Health, Cancer Registry Program. 
264 1 |a Austin, Tex. :  |b The Program. 
300 |a volumes ;  |c 22 x 28 cm. 
336 |a text  |b txt  |2 rdacontent 
337 |a unmediated  |b n  |2 rdamedia 
338 |a volume  |b nc  |2 rdacarrier 
500 |a Description based on: 1982; title from cover. 
500 |a Volumes 1983- : 28 cm. 
650 0 |a Cancer  |z Texas  |x Mortality  |x Periodicals. 
651 0 |a Texas  |x Statistics, Medical  |x Periodicals. 
710 1 |a Texas.  |b Cancer Registry Program. 
780 0 0 |t Cancer mortality statistics by county  |x 0196-2973  |w (DLC) 79644723  |w (OCoLC)5051060 
999 |a MARS 
999 f f |s 88ed0850-20f8-39c3-9d3b-5bf5a2695513  |i 070a4893-fa79-3749-8796-421c7257acd9  |t 0 
952 f f |p normal  |a Texas A&M University  |b College Station  |c Sterling C. Evans Library  |d Evans: Texas Documents (Annex 5th floor)  |t 0  |e H600.8 C16mos  |h Superintendent of Documents classification  |i unmediated -- volume  |l 1982  |m A14819627468 
952 f f |p normal  |a Texas A&M University  |b College Station  |c Sterling C. Evans Library  |d Evans: Texas Documents (Annex 5th floor)  |t 0  |e H600.8 C16mos  |h Superintendent of Documents classification  |i unmediated -- volume  |l 1985  |m A14813250603 
952 f f |p normal  |a Texas A&M University  |b College Station  |c Sterling C. Evans Library  |d Evans: Texas Documents (Annex 5th floor)  |t 0  |e H600.8 C16mos  |h Superintendent of Documents classification  |i unmediated -- volume  |l 1984  |m A14813250700 
998 f f |a H600.8 C16mos  |s 1982,1984-1985  |t 0  |l Evans: Texas Documents (Annex 5th floor)